The story Bible, (Record no. 3588)

MARC details
000 -LEADER
fixed length control field 00877cam a2200289 4500
001 - CONTROL NUMBER
control field 2793
003 - CONTROL NUMBER IDENTIFIER
control field GBCCL
005 - DATE AND TIME OF LATEST TRANSACTION
control field 20241126110458.0
008 - FIXED-LENGTH DATA ELEMENTS--GENERAL INFORMATION
fixed length control field 710621s1971 nyu 00010 engm
010 ## -
-- 71141871
020 ## - INTERNATIONAL STANDARD BOOK NUMBER
International Standard Book Number 0877940258
035 ## - SYSTEM CONTROL NUMBER
System control number OCM00145798 821023
040 ## - CATALOGING SOURCE
Original cataloging agency DLC
Transcribing agency DLC
Modifying agency OCL
-- LBB
049 ## -
-- LBBK
050 0# -
-- BS550.2
-- .B76
082 ## - DEWEY DECIMAL CLASSIFICATION NUMBER
Classification number 220.9505
Item number BUC
092 ## - LOCALLY ASSIGNED DEWEY CALL NUMBER (OCLC)
Classification number 220.9505
Item number B922
100 10 - MAIN ENTRY--PERSONAL NAME
Personal name Buck, Pearl S.
Fuller form of name (Pearl Sydenstricker),
Dates associated with a name 1892-1973.
9 (RLIN) 7149
245 14 - TITLE STATEMENT
Title The story Bible,
Statement of responsibility, etc. by Pearl S. Buck.
260 0# - PUBLICATION, DISTRIBUTION, ETC.
Place of publication, distribution, etc. [New York]
Name of publisher, distributor, etc. Bartholomew House
Date of publication, distribution, etc. [1971]
300 ## - PHYSICAL DESCRIPTION
Extent 504 p.
Dimensions 27 cm.
350 ## - PRICE (NR) (BK AM CF MU VM SE) [OBSOLETE]
Price $7.95
500 ## - GENERAL NOTE
General note "The complete Old and New Testaments retold in seventy-two 'story-sections.'" -- Jacket.
650 #0 - SUBJECT ADDED ENTRY--TOPICAL TERM
Topical term or geographic name entry element Bible stories, English.
9 (RLIN) 1346
870 19 - VARIANT PERSONAL NAME (SE) [OBSOLETE]
Tag and sequence number 100/1
Personal name Buck, Pearl Sydenstricker,
Dates associated with a name 1892-1973.
942 ## - ADDED ENTRY ELEMENTS (KOHA)
Source of classification or shelving scheme Dewey Decimal Classification
Koha item type Books
Holdings
Withdrawn status Lost status Source of classification or shelving scheme Damaged status Not for loan Home library Current Library Shelving location Date acquired Total checkouts Full call number Barcode Date last seen Copy number Price effective from Koha item type
    Dewey Decimal Classification     GRACE BIBLE COLLEGE GRACE BIBLE COLLEGE Biblical Studies 2017-11-29   220.9505 BUC 009676 2025-05-01 c.1 2017-11-29 Books
    Dewey Decimal Classification     GRACE BIBLE COLLEGE GRACE BIBLE COLLEGE Biblical Studies 2018-05-18   220.9505 BUC 009677 2025-05-01 c.2 2018-05-18 Books
© Grace Bible College Library 2025